00864nam a2200217 a 4500001001000000003000500010005001700015008004100032010001100073011001100084040000900095100004300104245017100147260004100318500006000359502008300419650002800502650001200530650003400542856007000576000112398CHAP20220329144303.0160309s2016 mx a fsm |||||||spa d a108859 a109831 cCHAP1 aLópez Mondragón, Alan Cuahutémoc10aElaboración, evaluación sensorial y aceptación de cerveza artesanal, emplea (Hordeum vulgare)y fruta /h[En línea]cpor Alan Cuahutémoc López Mondragón. aChapingo, Méx. :bEl autor,c2016. aPara ver el contenido del material haga clic en la liga aTesis (Ing. Agroindustrial) -- UACH. Departamento de Ingenieria Agroindustrial14aBebidasxElaboración.14aCebada.14aCerveza artesanalxIndustria. aFinding aiduhttp://10.13.5.2/tesis/sist112398.pdfzTeclea aquí